000 00956cam a22002891 4500
001 754712
003 ARRUPE
005 20150219111711.0
008 710920s1968 nyu b 000 0 eng
010 _a 67011085
040 _aDLC
_cDLC
_dDLC
043 _an-us---
050 0 0 _aHD3616.U46
_bL6
082 0 0 _a322/.3/0973
100 1 _aLowi, Theodore J.(ed.)
_ecomp.
_914930
245 1 0 _aPrivate life and public order;
_bthe context of modern public policy,
_cedited with an introd. by Theodore J. Lowi.
250 _a[1st ed.]
260 _aNew York,
_bNorton
_c[1968]
300 _axxi, 198 p.
_c21 cm.
490 0 _aProblems of modern government
504 _aBibliography: p. 197-198.
650 0 _aIndustrial policy
_zUnited States.
_95128
650 0 _aGovernment competition
_zUnited States.
_914931
650 0 _aPrivacy, Right of
_zUnited States.
_92289
906 _a7
_bcbc
_corignew
_du
_eocip
_f19
_gy-gencatlg
942 _2lcc
_cMONOGRAPH
999 _c121985
_d121985